| 000 | 00000nam##2200000za#4500 |
| 001 | 9.623851 |
| 003 | CaOODSP |
| 005 | 20240212134142 |
| 007 | ta |
| 008 | 150406|1996||||xxc||||| f|0| 0 fre|d |
| 020 | |a0-662-81141-0 |
| 022 | |a1713-0646 |
| 040 | |aCaOODSP|bfre |
| 043 | |an-cn--- |
| 086 | 1 |aNE22-1/1996-8F |
| 110 | 1 |aCanada. |bOffice national de l'énergie. |
| 245 | 10|aRelativement à Gazoduc Trans Québec & Maritimes Inc. : |bdemande datée du 27 novembre 1995, dans sa version modifiée, visant les nouveaux droits exigibles à partir du 1er janvier 1996 |
| 260 | |aCalgary - Alberta : |bOffice national de l'énergie |cMai 1996. |
| 300 | |av, 20p. : |btableaux ; |c28 cm. |
| 490 | 1 |aMotifs de décision|x1713-0646 |
| 563 | |aCouverture souple |
| 590 | |a96-22|b1996-05-31 |
| 775 | 08|tIn the matter of Trans Québec & Maritimes Pipeline Inc. : |w(CaOODSP)9.613000 |
| 776 | 0#|tMotifs de décision relativement à Gazoduc Trans Québec & Maritimes Inc. : |w(CaOODSP)9.602851 |
| 830 | #0|aMotifs de décision (Canada. Office national de l'énergie)|x1713-0646|w(CaOODSP)9.513162 |
| 986 | |aRHW-1-96 |